[Event "African Games Rapid Open 2019"]
[Site "Casablanca"]
[Date "2019.08.27"]
[Round "6.9"]
[White "Mesfin, Leykun"]
[Black "Osunfuyi, Abimbola"]
[Result "0-1"]
[WhiteElo "2151"]
[BlackElo "2235"]
[Annotator "NA"]
[PlyCount "108"]
[EventDate "2019.08.26"]
[EventType "team-tourn"]
[EventCountry "MAR"]
[SourceTitle "playchess.com"]
[Source "ChessBase"]
[SourceQuality "1"]
[TimeControl "900+10"]

1. e4 {[%emt 0:00:05]} c5 {[%emt 0:00:00]} 2. Nf3 {[%emt 0:00:01]} e6 {[%emt 0:00:07]} 3. d4 {[%emt 0:00:03]} cxd4 {[%emt 0:00:02]} 4. Nxd4 {[%emt 0:00:01]} Nc6 {[%emt 0:00:04]} 5. Nxc6 {[%emt 0:00:02]} bxc6 {[%emt 0:00:02]} 6. Bd3 {[%emt 0:00:01]} d5 {[%emt 0:00:15]} 7. O-O {[%emt 0:00:38]} Nf6 {[%emt 0:00:02]} 8. e5 {[%emt 0:00:45]} Nd7 {[%emt 0:00:03]} 9. Re1 {[%emt 0:00:13]} g6 {[%emt 0:00:20]} 10. c4 {[%emt 0:00:19]} Bg7 {[%emt 0:00:04]} 11. cxd5 {[%emt 0:00:03]} cxd5 {[%emt 0:00:03]} 12. Bf4 {[%emt 0:00:30]} O-O {[%emt 0:00:05]} 13. Nd2 {[%emt 0:00:23]} Rb8 {[%emt 0:00:31]} 14. b3 {[%emt 0:00:34]} Qa5 {[%emt 0:00:38]} 15. Nf3 {[%emt 0:00:47]} Ba6 {[%emt 0:00:13]} 16. Bxa6 {[%emt 0:00:26]} Qxa6 {[%emt 0:00:01]} 17. Qd2 {[%emt 0:00:04]} Nc5 {[%emt 0:00:08]} 18. Bh6 {[%emt 0:00:49]} Ne4 {[%emt 0:00:11]} 19. Qf4 {[%emt 0:00:17]} Qb6 {[%emt 0:00:48]} 20. Rf1 {[%emt 0:00:59]} Bxh6 {[%emt 0:01:46]} 21. Qxh6 {[%emt 0:00:06]} f6 {[%emt 0:00:03]} 22. exf6 {[%emt 0:02:35]} Rxf6 {[%emt 0:00:04]} 23. Qe3 {[%emt 0:01:36]} Qa5 {[%emt 0:03:59]} 24. Ne5 {[%emt 0:00:45]} Rc8 {[%emt 0:01:08]} 25. Ng4 {[%emt 0:00:54]} Rff8 {[%emt 0:00:24]} 26. f3 {[%emt 0:00:18]} Nc5 {[%emt 0:01:15]} 27. Qd4 {[%emt 0:00:19]} h5 {[%emt 0:00:28]} 28. Nf6+ {[%emt 0:00:35]} Kf7 {[%emt 0:00:05]} 29. b4 {[%emt 0:00:54]} Qa4 {[%emt 0:00:28]} 30. Nxd5 {[%emt 0:00:41]} exd5 {[%emt 0:00:13]} 31. Qxd5+ {[%emt 0:00:06]} Ne6 {[%emt 0:00:15]} 32. Rfe1 {[%emt 0:00:11]} Qc6 {[%emt 0:00:12]} 33. Qb3 {[%emt 0:00:20]} Qc4 {[%emt 0:00:34]} 34. Qa4 {[%emt 0:00:11]} Qd4+ {[%emt 0:00:52]} 35. Kh1 {[%emt 0:00:01]} Rc7 {[%emt 0:00:04]} 36. Rad1 {[%emt 0:00:05]} Qc3 {[%emt 0:00:40]} 37. h3 {[%emt 0:00:54]} Rd8 {[%emt 0:00:42]} 38. Rb1 {[%emt 0:00:59]} Rd2 {[%emt 0:00:42]} 39. Qa6 {[%emt 0:01:04]} Qc4 {[%emt 0:00:20]} 40. Qa5 {[%emt 0:00:53]} Qd5 {[%emt 0:01:09]} 41. Qa4 {[%emt 0:00:22]} Rxa2 {[%emt 0:00:06]} 42. Rbd1 {[%emt 0:00:33]} Rxa4 43. Rxd5 Rxb4 {[%emt 0:00:23]} 44. Rd6 {[%emt 0:00:12]} Re7 {[%emt 0:00:05]} 45. g4 {[%emt 0:00:09]} h4 {[%emt 0:00:02]} 46. Ra6 {[%emt 0:00:11]} Rb6 {[%emt 0:00:13]} 47. Ra4 {[%emt 0:00:03]} a6 {[%emt 0:00:19]} 48. f4 {[%emt 0:00:03]} Nc5 {[%emt 0:00:03]} 49. Rxe7+ {[%emt 0:00:10]} Kxe7 {[%emt 0:00:01]} 50. Ra3 {[%emt 0:00:06]} Rb3 {[%emt 0:00:22]} 51. Ra5 {[%emt 0:00:23]} Rxh3+ {[%emt 0:00:08]} 52. Kg2 {[%emt 0:00:01]} Rg3+ 53. Kf2 Kd6 {[%emt 0:00:18]} 54. f5 {[%emt 0:00:12]} gxf5 {[%emt 0:00:06]} 0-1

[Event "African Games Rapid Open 2019"]
[Site "Casablanca"]
[Date "2019.08.27"]
[Round "6.10"]
[White "Silva, David"]
[Black "Ebosse, Kingue Victor Patric"]
[Result "0-1"]
[WhiteElo "2239"]
[BlackElo "2055"]
[Annotator "NA"]
[PlyCount "105"]
[EventDate "2019.08.26"]
[EventType "team-tourn"]
[EventCountry "MAR"]
[SourceTitle "playchess.com"]
[Source "ChessBase"]
[SourceQuality "1"]
[TimeControl "900+10"]

1. e4 {[%emt 0:00:00]} c5 {[%emt 0:00:00]} 2. Nf3 {[%emt 0:00:00]} d6 {[%emt 0:00:00]} 3. d4 {[%emt 0:00:00]} cxd4 {[%emt 0:00:00]} 4. Nxd4 {[%emt 0:00:00]} Nf6 {[%emt 0:00:01]} 5. Nc3 {[%emt 0:00:02]} a6 {[%emt 0:00:01]} 6. a3 {[%emt 0:01:02]} e5 {[%emt 0:00:13]} 7. Nf5 {[%emt 0:00:03]} d5 {[%emt 0:01:43]} 8. Bg5 {[%emt 0:00:05]} Bxf5 {[%emt 0:00:04]} 9. exf5 {[%emt 0:00:15]} d4 {[%emt 0:00:06]} 10. Bxf6 {[%emt 0:00:03]} gxf6 {[%emt 0:01:01]} 11. Ne4 {[%emt 0:00:03]} Nd7 {[%emt 0:02:03]} 12. Bc4 {[%emt 0:00:31]} Rc8 {[%emt 0:01:03]} 13. Ba2 {[%emt 0:00:04]} h5 {[%emt 0:00:04]} 14. O-O {[%emt 0:00:39]} Qc7 {[%emt 0:00:53]} 15. b4 {[%emt 0:00:22]} Qc6 {[%emt 0:01:55]} 16. Qf3 {[%emt 0:00:16]} h4 {[%emt 0:01:16]} 17. c3 {[%emt 0:00:21]} Bh6 {[%emt 0:00:48]} 18. cxd4 {[%emt 0:00:02]} exd4 {[%emt 0:00:01]} 19. Rfe1 {[%emt 0:00:48]} Kf8 {[%emt 0:00:29]} 20. Qh5 {[%emt 0:04:58]} Ne5 {[%emt 0:00:23]} 21. f4 {[%emt 0:02:43]} Bg7 {[%emt 0:00:44]} 22. Qd1 {[%emt 0:00:11]} Nc4 {[%emt 0:00:41]} 23. Bxc4 {[%emt 0:00:19]} Qxc4 {[%emt 0:00:31]} 24. Nd6 {[%emt 0:00:05]} Qc6 {[%emt 0:00:29]} 25. Rc1 {[%emt 0:00:19]} Qxc1 {[%emt 0:00:40]} 26. Re8+ {[%emt 0:00:02]} Rxe8 {[%emt 0:00:02]} 27. Qxc1 {[%emt 0:00:02]} Ra8 {[%emt 0:01:08]} 28. Qc7 {[%emt 0:00:22]} Kg8 {[%emt 0:00:02]} 29. Qxf7+ {[%emt 0:00:11]} Kh7 {[%emt 0:00:01]} 30. Qg6+ {[%emt 0:00:01]} Kg8 {[%emt 0:00:03]} 31. Ne8 {[%emt 0:00:03]} Rxe8 {[%emt 0:00:34]} 32. Qxe8+ {[%emt 0:00:02]} Kh7 {[%emt 0:00:02]} 33. Qh5+ {[%emt 0:00:04]} Kg8 {[%emt 0:00:02]} 34. Qd1 {[%emt 0:00:04]} h3 {[%emt 0:01:07]} 35. g4 {[%emt 0:00:07]} Rh4 {[%emt 0:00:09]} 36. Kf2 {[%emt 0:00:02]} Bf8 {[%emt 0:01:30]} 37. Kg3 {[%emt 0:00:10]} Rh8 {[%emt 0:00:27]} 38. Qxd4 {[%emt 0:00:05]} Bg7 {[%emt 0:00:24]} 39. g5 {[%emt 0:00:04]} fxg5 {[%emt 0:00:18]} 40. Qd5+ {[%emt 0:00:02]} Kh7 {[%emt 0:00:09]} 41. fxg5 {[%emt 0:00:02]} Rg8 {[%emt 0:00:07]} 42. Qf7 {[%emt 0:00:04]} Rf8 {[%emt 0:00:05]} 43. Qh5+ {[%emt 0:00:04]} Kg8 {[%emt 0:00:03]} 44. f6 {[%emt 0:00:06]} Bxf6 {[%emt 0:00:10]} 45. gxf6 {[%emt 0:00:02]} Rxf6 {[%emt 0:00:01]} 46. Qxh3 {[%emt 0:00:09]} Rc6 {[%emt 0:00:29]} 47. Qg4+ {[%emt 0:00:06]} Kf8 {[%emt 0:00:05]} 48. Qf3+ {[%emt 0:00:02]} Kg7 {[%emt 0:00:12]} 49. Qxc6 {[%emt 0:00:03]} bxc6 {[%emt 0:00:01]} 50. Kf4 {[%emt 0:00:02]} Kf6 {[%emt 0:00:11]} 51. Ke4 {[%emt 0:00:01]} Ke6 {[%emt 0:00:04]} 52. Kd4 {[%emt 0:00:02]} Kd6 {[%emt 0:00:01]} 53. h4 {[%emt 0:00:02]} 0-1

[Event "African Games Rapid Open 2019"]
[Site "Casablanca"]
[Date "2019.08.27"]
[Round "6.11"]
[White "Elarabi, Abobker Mohamed"]
[Black "Amba, Oyon Marius Claude"]
[Result "1-0"]
[WhiteElo "2326"]
[BlackElo "1911"]
[Annotator "TA"]
[PlyCount "123"]
[EventDate "2019.08.26"]
[EventType "team-tourn"]
[EventCountry "MAR"]
[SourceTitle "playchess.com"]
[Source "ChessBase"]
[SourceQuality "1"]

{[%evp 17,123,18,37,0,0,1,17,8,8,1,1,0,30,0,31,-17,0,-13,0,0,0,-55,-49,-57,0,0,20,0,31,25,31,0,0,0,0,-42,76,0,16,28,20,17,62,-544,-68,-69,-77,-78,-59,-58,-63,-112,-61,-65,-8,-144,0,-16,-40,-52,0,0,0,0,0,0,0,0,0,-7,0,0,0,0,0,0,0,-20,-17,-17,-20,-18,-27,-90,-9,-9,-9,-10,-10,-10,-2,-10,0,0,0,0,0,0,0,0,0,0,0,0,0,0,29989,29990]} 1. d4 Nf6 2. Nf3 c5 3. d5 g6 4. c4 b5 5. a4 bxc4 6. Nc3 d6 7. e4 Bg7 8. Bxc4 O-O 9. O-O Ba6 10. Qe2 {A57: Benko/Volga Gambit} (10. Bb5 Nfd7 11. Qe2 Qc8 12. Bf4 Bxc3 13. bxc3 f6 14. h3 Ne5 15. Bxe5 dxe5 16. Rfb1 Bxb5 17. axb5 {1-0 (17) Yangutov,A (2159)-Makhmutov,R (2407) Kazan 2018}) 10... Bxc4 11. Qxc4 Qa5 $146 ({Predecessor:} 11... Qb6 12. Rb1 Na6 13. Re1 Nb4 14. Bg5 h6 15. Bh4 Qb7 16. Rbd1 Nd7 17. Qb5 Qxb5 18. axb5 {0-1 (86) Bilan,D (2032)-Pavlova,K (2017) Kimry 2014}) 12. Bd2 {The position is equal.} Qb4 13. Qe2 Nbd7 14. Rfe1 Ng4 ({Avoid the trap} 14... Qxb2 $2 15. Reb1 $18) 15. Bg5 (15. Nd1 $5 {[%cal Rd2b4]} Qb3 16. Bg5 $11) 15... Rfe8 16. Reb1 a6 17. Bd2 {Black should prevent Nb5.} Qb8 (17... Qb7 {feels hotter.} 18. Bf4 Qc7 19. Nd2 Nge5 20. a5 Reb8) 18. h3 Nge5 19. Nxe5 (19. Ne1 $11) 19... Bxe5 $15 20. Nd1 Qc7 (20... e6 $15 21. Nc3 Qb3) 21. Bc3 c4 22. Ne3 Rec8 23. Rc1 Rab8 24. Bxe5 Nxe5 25. f4 Nd7 $1 26. Nxc4 Nf6 {[#]} (26... Rb4 $15 27. b3 Rxb3) 27. Rc3 ({White should play} 27. Kh2 $1 $16) 27... Qc5+ (27... Rb4 $5 {[%cal Rb4c4]} 28. Nxd6 Qb6+ 29. Kh2 Rxc3 30. bxc3 Rb2 $14) 28. Kh2 {Ne5 is the strong threat.} Qd4 29. Re1 Rb4 {[%mdl 64] Double Attack} 30. Qd2 $2 {[%mdl 8192]} (30. Rd3 $1 $14 {was the only good move.} Qxe4 31. Qxe4 Nxe4 32. Rxe4 Rcxc4 33. Rxe7) 30... Qxd2 $2 ({Black should try} 30... Rcxc4 $19 31. Qxd4 Rxd4) 31. Nxd2 Rxc3 32. bxc3 Rxa4 $19 {[%mdl 4096] Endgame KRN-KRN} 33. c4 Ra2 34. Rd1 {intending e5.} Rc2 (34... Nh5 $17 35. f5 Rc2) 35. e5 $15 Nh5 (35... Nd7 $15 36. exd6 exd6) 36. g3 (36. c5 $11 {keeps the balance.}) 36... Ng7 ({Better is} 36... Kf8 $17 37. h4 f5 38. exf6 Nxf6) 37. exd6 exd6 {And now ...Nf5 would win.} 38. g4 Ne8 (38... h5 $15) 39. Kg3 $11 Nf6 {White must now prevent ...Rxd2!} 40. Kf3 Nd7 41. Ne4 Rxc4 42. Nxd6 Rc3+ 43. Kg2 Rc2+ 44. Kg3 Rc3+ 45. Kh4 h6 46. Re1 Nf6 47. g5 hxg5+ 48. fxg5 Nh5 49. Re8+ Kg7 50. Ra8 {[#]} (50. Rb8 $11 {remains equal.}) 50... Rd3 (50... Rf3 $1 $17 {[%cal Rf3f4]} 51. Ne8+ Kh7 52. Nf6+ Nxf6 53. gxf6 Rxf6) 51. Ne8+ Kh7 {[%cal Rd3d4]} 52. Nf6+ Nxf6 53. gxf6 Rxd5 54. Rxa6 {KR-KR} g5+ 55. Kh5 Rd3 56. Kxg5 Rxh3 57. Ra7 Kg8 58. Ra8+ Kh7 59. Rf8 Rg3+ 60. Kf4 Rg1 61. Rxf7+ Kg6 $2 {[%mdl 8192]} (61... Kg8 $11 62. Rc7 Kf8) 62. Rg7+ {Accuracy: White = 34%, Black = 36%.} 1-0

[Event "African Games Rapid Open 2019"]
[Site "Casablanca"]
[Date "2019.08.27"]
[Round "6.12"]
[White "Chumfwa, Stanley"]
[Black "Makoto, Rodwell"]
[Result "1/2-1/2"]
[WhiteElo "2317"]
[BlackElo "2373"]
[Annotator "TA"]
[PlyCount "80"]
[EventDate "2019.08.26"]
[EventType "team-tourn"]
[EventCountry "MAR"]
[SourceTitle "playchess.com"]
[Source "ChessBase"]
[SourceQuality "1"]

{[%evp 26,80,65,41,62,62,79,62,58,58,66,49,51,58,61,26,29,25,39,22,22,0,0,18,43,35,46,43,47,54,78,76,114,95,95,95,95,95,95,95,95,73,102,92,106,60,59,-10,0,0,0,0,0,0,0,0,0]} 1. Nf3 g6 2. e4 Bg7 3. d4 c5 4. Nc3 cxd4 5. Nxd4 Nc6 6. Be3 Nf6 7. Bc4 O-O 8. Bb3 d6 9. f3 Bd7 10. Qd2 Qa5 11. O-O-O Rfc8 12. h4 Ne5 13. Kb1 b5 14. h5 (14. Ncxb5 $5 {[%cal Rd2a5]} Qxd2 15. Bxd2 $14 (15. Rxd2 Rab8 $14)) 14... Nc4 {B79: Sicilian Dragon: Yugoslav Attack, 9 Bc4 Bd7 10 0-0-0 Qa5} (14... Nxh5 15. g4 Nf6 16. Bh6 Bxh6 17. Qxh6 Rxc3 18. g5 Nh5 19. Rxh5 gxh5 20. Rh1 Rxb3 21. axb3 Ng6 22. Qxh5 {1-0 (41) Tseshkovsky,V (2558)-Beshukov,S (2460) Krasnodar 2000}) 15. Bxc4 $1 bxc4 16. hxg6 fxg6 {White is slightly better.} 17. Bh6 Bh8 18. Bg5 Rab8 {[#] Threatens to win with ...Qb4!} 19. Ka1 $146 ({But not} 19. Nd5 $2 c3 $19) ({Predecessor:} 19. Nde2 Qb4 20. Qc1 Nh5 21. g4 Ng3 22. Bd2 Nxe2 23. Nxe2 Qxb2+ 24. Qxb2 Rxb2+ 25. Kc1 Rcb8 26. Nc3 Rb1+ 27. Nxb1 Bb2# {0-1 (27) Fedorko,M (2020)-Micek,J (2070) Slovakia 2014}) 19... Qb6 {[%csl Gb8][%cal Rb6b2]} 20. Rb1 (20. Qc1 {feels hotter.} Rc5 21. Be3 Qb7 22. g4 Ra5 23. Nde2) 20... Nxe4 21. Nxe4 Qxd4 22. Qxd4 Bxd4 23. c3 Be5 24. Bxe7 Bf5 25. Bxd6 Bxe4 26. Bxb8 Bxb1 27. Bxe5 $14 {[%mdl 4096] Endgame KRB-KRB} Bd3 28. b4 Re8 29. f4 h5 30. g3 Kf7 31. Re1 a6 32. Kb2 Ke6 33. a4 Kd5 34. b5 axb5 35. axb5 g5 36. Ka3 (36. Rh1 $14) 36... h4 {The position is equal.} 37. gxh4 gxf4 38. b6 {[#] Hoping for b7.} Kc6 39. h5 f3 {And now ...f2 would win.} 40. Bg3 Rxe1 {Accuracy: White = 62%, Black = 74%.} 1/2-1/2

[Event "African Games Rapid Open 2019"]
[Site "Casablanca"]
[Date "2019.08.27"]
[Round "6.13"]
[White "Tissir, Mohamed"]
[Black "Traore, Bakary"]
[Result "1-0"]
[WhiteElo "2379"]
[BlackElo "2189"]
[Annotator "TA"]
[PlyCount "113"]
[EventDate "2019.08.26"]
[EventType "team-tourn"]
[EventCountry "MAR"]
[SourceTitle "playchess.com"]
[Source "ChessBase"]
[SourceQuality "1"]

{[%evp 13,113,52,81,20,34,32,100,93,113,10,11,0,12,0,193,191,192,190,186,160,184,158,188,180,187,148,174,177,229,199,196,202,355,341,385,361,418,405,385,372,464,463,450,449,446,424,566,558,600,573,687,686,652,639,687,677,791,0,0,0,791,789,757,757,936,897,924,943,922,795,916,1038,1470,1414,1352,1296,4056,3385,2791,2791,2502,2276,29972,29973,29972,29971,29978,29977,29977,29978,29978,29979,29977,29978,29982,29983,29984,29985,29996,29997,29998,29999]} 1. e4 e5 2. Bc4 Nf6 3. d3 d5 4. exd5 Nxd5 5. Nf3 Nc6 6. O-O Be7 7. Re1 Qd6 8. d4 {C24: Bishop's Opening: 2...Nf6} (8. Bxd5 $16 Qxd5 9. Nc3) (8. Bb5 f6 9. d4 Bg4 10. dxe5 fxe5 11. h3 Bxf3 12. Qxf3 O-O-O 13. Nc3 Nd4 14. Qxd5 Qxd5 15. Nxd5 Rxd5 {1-0 (34) Zaitsev,A (2486)-Moiseenko,V (2249) Tula 2017}) 8... exd4 9. Nxd4 {And now Nb5 would win.} Nxd4 (9... Ndb4 $14 10. Nxc6 Qxd1 11. Rxd1 Nxc6) 10. Qxd4 $16 {[%mdl 64] Double Attack. White is better.} Be6 {[#]} 11. Na3 $146 ({Much weaker is} 11. Qxg7 $6 O-O-O $11) (11. Nc3 $1 $16 {[%cal Rc3d5]} Nxc3 12. Qxg7 (12. Qxc3 Bf6 $11)) ({Predecessor:} 11. Nc3 Nb4 12. Qxg7 O-O-O 13. Bxe6+ fxe6 14. Qg4 Nxc2 15. Rxe6 Qd7 {0-1 (29) Babic,J (2019)-Savkic,I (2009) Belgrade 2016}) 11... O-O 12. Bxd5 {aiming for Nb5.} Bxd5 13. Bf4 $36 {[%mdl 2048] White has the initiative.} Bf6 $2 (13... Qc5 $11 {and Black stays safe.} 14. Qxc5 Bxc5) 14. Bxd6 $18 Bxd4 15. Bxf8 Kxf8 16. c3 Bc5 17. Nc2 a5 18. Re5 c6 19. Rd1 b6 20. b3 {[%cal Bb2b3,Bb3b4][%mdl 32]} f6 (20... a4 {was necessary.}) 21. Re2 a4 22. b4 Bd6 $2 (22... Be7 23. a3 g6) 23. Ne3 Re8 24. Kf1 Be5 25. Nxd5 cxd5 26. Rxd5 Bxc3 27. Rxe8+ Kxe8 {[%mdl 4096] Endgame KR-KB} 28. b5 a3 29. Ke2 Bb4 30. Kd3 Ke7 31. Kc4 Bd6 32. h3 Ke6 33. g4 g6 34. f3 h6 35. Kd4 $2 (35. Rd2 $18 {Threatens to win with Re2+.} h5 36. Re2+ Kf7 37. Kd5) 35... Be5+ $1 $11 36. Kc4 $2 {[%mdl 8192]} (36. Rxe5+ $11 fxe5+ 37. Kc4) 36... Bd6 $1 $18 37. Rd4 f5 38. Rd5 Be5 39. Rd8 Bh2 40. Re8+ Kf6 41. Re3 Kg5 42. Rxa3 Kh4 43. gxf5 gxf5 44. Kd5 Kxh3 45. Ke6 f4 46. Kf5 h5 47. Ra6 Bg1 48. Kxf4 {White mates.} h4 49. Ra8 Bh2+ 50. Ke3 Kg2 51. f4 h3 52. f5 Be5 53. Rg8+ Kf1 {[#]} 54. f6 $1 h2 (54... Bxf6 55. Rf8) 55. f7 h1=Q 56. f8=Q+ Ke1 57. Qf2+ {Accuracy: White = 79%, Black = 16%.} 1-0

[Event "African Games Rapid Open 2019"]
[Site "Casablanca"]
[Date "2019.08.27"]
[Round "6.14"]
[White "Mushore, Emarald Takudzwa"]
[Black "Marie, Patrick"]
[Result "1-0"]
[WhiteElo "2198"]
[BlackElo "1921"]
[Annotator "ChessBase"]
[PlyCount "42"]
[EventDate "2019.08.26"]
[EventType "team-tourn"]
[EventCountry "MAR"]
[SourceTitle "playchess.com"]
[Source "ChessBase"]
[SourceQuality "1"]
[TimeControl "900+10"]

1. e4 {[%emt 0:00:00]} c5 {[%emt 0:00:00]} 2. Nf3 {[%emt 0:00:00]} Nc6 {[%emt 0:00:00]} 3. Nc3 {[%emt 0:00:02]} g6 {[%emt 0:00:01]} 4. d4 {[%emt 0:00:03]} cxd4 {[%emt 0:00:01]} 5. Nxd4 {[%emt 0:00:01]} Bg7 {[%emt 0:00:01]} 6. Be3 {[%emt 0:00:02]} Nf6 {[%emt 0:00:02]} 7. Bc4 {[%emt 0:00:04]} O-O {[%emt 0:00:08]} 8. Bb3 {[%emt 0:00:04]} d6 {[%emt 0:00:12]} 9. O-O {[%emt 0:00:07]} Bd7 {[%emt 0:00:21]} 10. h3 {[%emt 0:00:13]} Rc8 {[%emt 0:00:26]} 11. Qd2 {[%emt 0:00:35]} a6 {[%emt 0:01:06]} 12. Rad1 {[%emt 0:00:32]} Qa5 {[%emt 0:01:23]} 13. f4 {[%emt 0:01:24]} Nxd4 {[%emt 0:04:18]} 14. Bxd4 {[%emt 0:00:03]} Bc6 {[%emt 0:01:04]} 15. e5 {[%emt 0:02:06]} Nh5 {[%emt 0:01:36]} 16. Qe3 {[%emt 0:02:19]} Bh6 {[%emt 0:01:59]} 17. Bb6 {[%emt 0:00:35]} Qb4 {[%emt 0:00:23]} 18. a3 {[%emt 0:00:03]} Bxf4 {[%emt 0:00:07]} 19. axb4 {[%emt 0:00:01]} Bxe3+ {[%emt 0:00:10]} 20. Bxe3 {[%emt 0:00:02]} d5 {[%emt 0:00:08]} 21. Nxd5 {[%emt 0:00:10]} Ng3 {[%emt 0:00:14]} 1-0

[Event "African Games Rapid Open 2019"]
[Site "Casablanca"]
[Date "2019.08.27"]
[Round "6.15"]
[White "Gohil, Mehul"]
[Black "Rita, Jeorciley"]
[Result "1-0"]
[WhiteElo "2076"]
[BlackElo "1920"]
[Annotator "NA"]
[PlyCount "125"]
[EventDate "2019.08.26"]
[EventType "team-tourn"]
[EventCountry "MAR"]
[SourceTitle "playchess.com"]
[Source "ChessBase"]
[SourceQuality "1"]
[TimeControl "900+10"]

1. d4 {[%emt 0:00:00]} e6 {[%emt 0:00:00]} 2. c4 {[%emt 0:00:00]} d5 {[%emt 0:00:00]} 3. Nc3 {[%emt 0:00:04]} Nf6 {[%emt 0:00:00]} 4. cxd5 {[%emt 0:00:06]} exd5 {[%emt 0:00:00]} 5. Bg5 {[%emt 0:00:04]} Be7 {[%emt 0:00:00]} 6. Qc2 {[%emt 0:00:04]} c6 {[%emt 0:00:04]} 7. e3 {[%emt 0:00:04]} Bg4 {[%emt 0:00:13]} 8. Bd3 {[%emt 0:00:24]} Nbd7 {[%emt 0:00:11]} 9. Nge2 {[%emt 0:00:22]} Bh5 {[%emt 0:00:04]} 10. O-O {[%emt 0:01:06]} Bg6 {[%emt 0:00:01]} 11. f3 {[%emt 0:00:20]} O-O {[%emt 0:02:58]} 12. Rad1 {[%emt 0:00:07]} Nh5 {[%emt 0:00:02]} 13. Bxe7 {[%emt 0:00:16]} Qxe7 {[%emt 0:00:03]} 14. e4 {[%emt 0:00:10]} Nhf6 {[%emt 0:01:49]} 15. e5 {[%emt 0:00:23]} Bxd3 {[%emt 0:00:09]} 16. Qxd3 {[%emt 0:00:04]} Ne8 {[%emt 0:00:05]} 17. f4 {[%emt 0:00:09]} f6 {[%emt 0:00:05]} 18. Kh1 {[%emt 0:01:19]} Nc7 {[%emt 0:00:21]} 19. Ng3 {[%emt 0:00:13]} fxe5 {[%emt 0:00:30]} 20. dxe5 {[%emt 0:00:31]} g6 {[%emt 0:00:49]} 21. Nce4 {[%emt 0:03:23]} Ne6 {[%emt 0:00:15]} 22. Ne2 {[%emt 0:04:41]} Ndc5 {[%emt 0:03:46]} 23. Nxc5 {[%emt 0:00:05]} Qxc5 {[%emt 0:00:14]} 24. g3 {[%emt 0:00:31]} Qb4 {[%emt 0:00:36]} 25. a3 {[%emt 0:01:32]} Qe7 {[%emt 0:02:00]} 26. h4 {[%emt 0:00:15]} Nc5 {[%emt 0:00:05]} 27. Qe3 {[%emt 0:00:19]} Ne4 {[%emt 0:00:21]} 28. Nc3 {[%emt 0:00:05]} Nxc3 {[%emt 0:00:29]} 29. Qxc3 {[%emt 0:00:01]} Qe6 {[%emt 0:00:09]} 30. Kg2 {[%emt 0:00:05]} h5 {[%emt 0:00:03]} 31. b4 {[%emt 0:00:10]} a6 {[%emt 0:00:08]} 32. Qd3 {[%emt 0:00:10]} Rf5 {[%emt 0:00:39]} 33. Rc1 {[%emt 0:00:26]} Kg7 {[%emt 0:01:07]} 34. Qd4 {[%emt 0:00:24]} Rf7 {[%emt 0:00:15]} 35. Rf2 {[%emt 0:00:11]} Kh7 {[%emt 0:00:12]} 36. Rcf1 {[%emt 0:00:06]} Rf5 {[%emt 0:00:15]} 37. Qb6 {[%emt 0:00:23]} Qe7 {[%emt 0:01:11]} 38. Rc1 {[%emt 0:00:34]} Rc8 {[%emt 0:00:44]} 39. Rd2 {[%emt 0:00:08]} Rff8 {[%emt 0:00:55]} 40. Qd4 {[%emt 0:00:20]} Qe6 {[%emt 0:00:10]} 41. Rdc2 {[%emt 0:00:11]} Rc7 {[%emt 0:00:08]} 42. a4 {[%emt 0:00:09]} Rfc8 {[%emt 0:00:01]} 43. b5 {[%emt 0:00:07]} axb5 {[%emt 0:00:08]} 44. axb5 {[%emt 0:00:02]} c5 {[%emt 0:00:02]} 45. Rxc5 {[%emt 0:00:03]} Qd7 {[%emt 0:00:19]} 46. Rxc7 {[%emt 0:00:06]} Rxc7 {[%emt 0:00:01]} 47. Rxc7 {[%emt 0:00:02]} Qxc7 {[%emt 0:00:01]} 48. Qxd5 {[%emt 0:00:04]} Qc2+ {[%emt 0:00:09]} 49. Kf3 {[%emt 0:00:32]} Qc3+ {[%emt 0:00:05]} 50. Kf2 {[%emt 0:00:07]} Qc2+ {[%emt 0:00:02]} 51. Ke3 {[%emt 0:00:08]} Qc1+ {[%emt 0:00:03]} 52. Kd4 {[%emt 0:00:28]} b6 {[%emt 0:00:24]} 53. Qb3 {[%emt 0:00:14]} Qd2+ {[%emt 0:00:11]} 54. Ke4 {[%emt 0:00:22]} Qg2+ {[%emt 0:00:17]} 55. Kd4 {[%emt 0:00:09]} Qf2+ {[%emt 0:00:10]} 56. Kd5 {[%emt 0:00:26]} Qc5+ {[%emt 0:00:03]} 57. Ke4 {[%emt 0:00:15]} Qf2 {[%emt 0:00:29]} 58. e6 {[%emt 0:00:18]} Qe2+ {[%emt 0:00:07]} 59. Kd5 {[%emt 0:00:08]} Qd2+ {[%emt 0:00:16]} 60. Kc6 {[%emt 0:00:05]} Qd8 {[%emt 0:00:19]} 61. Qd5 {[%emt 0:00:53]} Qc8+ {[%emt 0:00:35]} 62. Kxb6 {[%emt 0:00:11]} Qb8+ {[%emt 0:00:02]} 63. Qb7+ {[%emt 0:00:07]} 1-0